Longest Rush Plays in NFL History - Statistics

General Stats
  • This quiz has been taken 38 times
  • The average score is 4 of 13
Answer Stats
Yards Year Team Player % Correct
99 2018 Tennessee Titans Derrick Henry
97%
98 2020 Tampa Bay Buccaneers Ronald Jones II
48%
99 1983 Dallas Cowboys+ Tony Dorsett
48%
95 2005 New York Giants Tiki Barber
45%
98 2003 Green Bay Packers Ahman Green
42%
97 2018 Houston Texans Lamar Miller
33%
97 2014 Miami Dolphins Lamar Miller
33%
96 2001 Cincinnati Bengals Corey Dillon
30%
96 1998 San Francisco 49ers Garrison Hearst
18%
95 2006 Minnesota Vikings Chester Taylor
9%
97 1939 Green Bay Packers Andy Uram
0%
96 1950 Detroit Lions Bob Hoernschemeyer
0%
96 1950 Baltimore Colts Jim Spavital
0%
No matching quizzes found
Score Distribution
Percent of People with Each Score
Percentile by Number Answered
Your Score History
You have not taken this quiz